00974 2200253 4500001002100000005001500021035002000036008004100056020000900097041000800106082001000114084001600124100002200140245006600162250001100228260002800239300003400267520029000301650002500591990002500616990002700641990002700668990002500695INLIS00000000000354820221110051924 a0010-0520003548221110 | | ind  a1156 aind a364.1 a364.1 FYF p0 aFyfe, Nicholas R.1 aPerlindungan Terhadap Saksi Terintimidasi /cNicholas R. Fyfe aCet.1. aJakarta :bELSAM,c2006 aXi, 198 hlm. ; 21 cm ;c21 cm aBuku ini berisikan Piagam PBB dan perjanjian HAM internasional serta instrumen-instrumen HAM yang dikembangkan sejak tahun 1945, praktik kebiasaan (customary practice), dan standar-standar internasional tentang perilaku dan cara-cara menerapkannya dalam kerja-kerja perlindungan saksi. 4a1. Hak Azasi Manusia a01159/MKRI-P/VI-2007 a03899/MKRI-P/VIII-2006 a03899/MKRI-P/VIII-2006 a01159/MKRI-P/VI-2007